[Event "Oebro CXU Nytaar 2024"]
[Site "Copenhagen"]
[Date "2024.12.29"]
[Round "5.6"]
[White "Brorsen, Jacob Abildlund"]
[Black "Thuesen, Mogens Henrik"]
[Result "0-1"]
[WhiteElo "2114"]
[BlackElo "2193"]
[WhiteFideId "1411233"]
[BlackFideId "1400878"]
[EventDate "2024.12.27"]
[EventType "swiss"]
[EventRounds "7"]
[EventCountry "DEN"]
[SourceTitle "Live v. Obro Skakforening"]

1. e4 c5 2. Nf3 e6 3. d4 cxd4 4. Nxd4 Nf6 5. Nc3 Nc6 6. Ndb5 d6 7. Bf4 e5 8. Bg5 a6 9. Na3 b5 10. Nab1 Be7 11. Bxf6 Bxf6 12. a4 b4 13. Nd5 O-O 14. Nd2 Bg5 15. Nc4 Rb8 16. h4 Bh6 17. g4 Bf4 18. Nxf4 exf4 19. f3 Ne5 20. Rh2 Qf6 21. g5 Qe6 22. Nxe5 Qxe5 23. Rb1 Bb7 24. Bc4 Bxe4 25. Kf1 Bb7 26. Qd3 a5 27. Re2 Qc5 28. b3 Qc8 29. Rh2 Re8 30. Re1 Rxe1+ 31. Kxe1 Qc5 32. Re2 g6 33. Kf1 Bc6 34. Kg2 Re8 35. Rxe8+ Bxe8 36. Qe4 Qe5 37. Bd5 Bd7 38. Qxe5 dxe5 39. Be4 Bf5 40. Bd3 Kg7 41. Kf2 h6 42. Ke2 hxg5 43. hxg5 Bc8 44. Be4 f6 45. gxf6+ Kxf6 46. Kd3 Ba6+ 47. c4 bxc3+ 48. Kxc3 g5 49. Kd2 Ke6 50. Bg6 Kd5 51. Kc3 Kc5 52. Be4 Bc8 53. Kd3 g4 54. fxg4 Bxg4 55. Bg6 Be6 56. Ke4 Kd6 57. Be8 Bxb3 58. Bb5 Bc2+ 59. Kf3 Kc5 0-1

[Event "Oebro CXU Nytaar 2024"]
[Site "Copenhagen"]
[Date "2024.12.29"]
[Round "5.7"]
[White "Moe, Mogens"]
[Black "De Vleeschauwer, Maarten"]
[Result "0-1"]
[WhiteElo "2130"]
[BlackElo "2256"]
[WhiteFideId "1400550"]
[BlackFideId "214809"]
[EventDate "2024.12.27"]
[EventType "swiss"]
[EventRounds "7"]
[EventCountry "DEN"]
[SourceTitle "Live v. Obro Skakforening"]

1. e4 e5 2. Nf3 Nc6 3. Bc4 Bc5 4. c3 Nf6 5. d4 exd4 6. e5 d5 7. Bb5 Ne4 8. cxd4 Bb6 9. Nc3 O-O 10. Be3 Bd7 11. Bd3 Bg4 12. Nxe4 dxe4 13. Bxe4 Nxd4 14. Bxd4 Bxf3 15. Qxf3 Qxd4 16. O-O Rae8 17. Bxb7 Qxb2 18. Bd5 Rxe5 19. Rae1 Bxf2+ 20. Qxf2 Qxf2+ 21. Kxf2 Rxd5 22. Re7 Rf5+ 23. Ke2 Rxf1 24. Kxf1 Rc8 25. Ke2 Kf8 26. Rd7 Ke8 27. Rd4 c6 28. Rh4 h6 29. Ra4 Rc7 30. h4 Ke7 31. g4 Kd6 32. Kd3 Rd7 33. Rf4 Ke5+ 34. Ke3 Rd3+ 0-1

[Event "Oebro CXU Nytaar 2024"]
[Site "Copenhagen"]
[Date "2024.12.29"]
[Round "5.8"]
[White "Hansen, Soren Bech"]
[Black "Thorsbro, Peter"]
[Result "1/2-1/2"]
[WhiteElo "2256"]
[BlackElo "2139"]
[WhiteFideId "1400681"]
[BlackFideId "1406671"]
[EventDate "2024.12.27"]
[EventType "swiss"]
[EventRounds "7"]
[EventCountry "DEN"]
[SourceTitle "Live v. Obro Skakforening"]

1. e4 c6 2. d4 d5 3. Nc3 dxe4 4. Nxe4 Bf5 5. Ng3 Bg6 6. h4 h6 7. Nf3 Nd7 8. h5 Bh7 9. Bd3 Bxd3 10. Qxd3 e6 11. Bf4 Qa5+ 12. Bd2 Bb4 13. c3 Be7 14. c4 Qc7 15. O-O-O Ngf6 16. Rhe1 O-O 17. Nf5 exf5 18. Rxe7 Ne4 19. Nh4 Nxd2 20. Qxd2 Qh2 21. g3 Nf6 22. Qf4 b5 23. Qxf5 Rfe8 24. Ree1 Rxe1 25. Rxe1 bxc4 26. Qf3 Qh3 27. Nf5 Qxh5 28. Qxh5 Nxh5 29. Ne7+ Kf8 30. Nxc6 Nf6 31. Kc2 a6 32. Re5 Ng4 33. Rf5 Re8 34. Kc3 Re2 35. Ne5 Nxf2 36. Rxf7+ Kg8 37. Kxc4 Rxb2 38. a4 a5 39. Kd5 Ra2 40. Rf3 Nh3 41. Kc6 Rxa4 42. d5 Rd4 43. Ng6 Ng5 44. Ne7+ Kh7 45. Ra3 Ne4 46. Rxa5 Nxg3 47. d6 Ne4 48. d7 Nf6 49. Rd5 Rxd5 50. Nxd5 Nxd7 51. Kxd7 Kg6 52. Ke6 Kg5 53. Kf7 h5 54. Kxg7 h4 55. Ne3 h3 56. Nf1 Kg4 57. Kg6 Kf3 58. Kg5 Kf2 59. Nh2 Kg2 60. Ng4 h2 61. Nxh2 1/2-1/2

[Event "Oebro CXU Nytaar 2024"]
[Site "Copenhagen"]
[Date "2024.12.29"]
[Round "5.9"]
[White "Terryn, Ezra"]
[Black "Jarlskov, Daniel Tuk Hartso"]
[Result "0-1"]
[WhiteElo "2236"]
[BlackElo "2100"]
[WhiteFideId "233196"]
[EventDate "2024.12.27"]
[EventType "swiss"]
[EventRounds "7"]
[EventCountry "DEN"]
[SourceTitle "Live v. Obro Skakforening"]

1. d4 d5 2. c4 e6 3. g3 Nf6 4. Bg2 Be7 5. Nf3 O-O 6. O-O dxc4 7. Qc2 a6 8. a4 Bd7 9. Qxc4 Bc6 10. Bg5 a5 11. Nc3 Bxf3 12. Bxf3 c6 13. Rfd1 Na6 14. e4 Nd7 15. Bf4 Nb6 16. Qe2 Nb4 17. Kg2 Bg5 18. Bxg5 Qxg5 19. h4 Qe7 20. e5 Rad8 21. Ne4 f5 22. exf6 gxf6 23. Nc5 e5 24. Nb3 Qf7 25. Nc5 Rde8 26. d5 N6xd5 27. Bh5 Qg7 28. Kh2 Re7 29. Rac1 f5 30. Nb3 e4 31. Nxa5 Nd3 32. Rc2 Kh8 33. Nc4 Qf6 34. Ne3 N5f4 35. gxf4 Qxh4+ 36. Kg1 Nxf4 37. Qc4 Rg7+ 38. Bg4 Rxg4+ 39. Nxg4 Qxg4+ 40. Kf1 Qxd1# 0-1

[Event "Oebro CXU Nytaar 2024"]
[Site "Copenhagen"]
[Date "2024.12.29"]
[Round "5.10"]
[White "Meskenas, Paulius"]
[Black "Rosenlund, Thorbjorn"]
[Result "1/2-1/2"]
[WhiteElo "2203"]
[BlackElo "2120"]
[WhiteFideId "12809969"]
[BlackFideId "1400614"]
[EventDate "2024.12.27"]
[EventType "swiss"]
[EventRounds "7"]
[EventCountry "DEN"]
[SourceTitle "Live v. Obro Skakforening"]

1. e4 e5 2. Nf3 d6 3. d4 exd4 4. Nxd4 Nf6 5. Nc3 Be7 6. Be2 O-O 7. O-O Nc6 8. Nxc6 bxc6 9. f4 d5 10. e5 Nd7 11. Kh1 Rb8 12. a3 a5 13. Qd4 Bc5 14. Qd3 Qe7 15. Rf3 f6 16. Rh3 g6 17. g4 fxe5 18. f5 e4 19. Qg3 Bd6 20. Qg1 Ne5 21. Bh6 Re8 22. Rf1 Nf7 23. Qf2 g5 24. f6 Qe5 25. Rh5 Be6 26. h4 d4 27. hxg5 e3 28. Qg2 dxc3 29. g6 Bd5 30. gxh7+ Kxh7 31. Rf3 Qe4 32. Qh3 Kg8 33. Bg7 Qxf3+ 34. Bxf3 Bxf3+ 35. Kg1 e2 36. Rh8+ Nxh8 37. Qxh8+ Kf7 38. Qh5+ Kg8 39. Qh8+ Kf7 40. Qh5+ 1/2-1/2

[Event "Oebro CXU Nytaar 2024"]
[Site "Copenhagen"]
[Date "2024.12.29"]
[Round "5.11"]
[White "Loftgaard, Mikkel Vinh"]
[Black "Gronnemose, Freja Egelund"]
[Result "1-0"]
[WhiteElo "2221"]
[BlackElo "1956"]
[WhiteFideId "1468480"]
[BlackFideId "1474456"]
[EventDate "2024.12.27"]
[EventType "swiss"]
[EventRounds "7"]
[EventCountry "DEN"]
[SourceTitle "Live v. Obro Skakforening"]

1. e4 e5 2. d4 d5 3. dxe5 dxe4 4. Qxd8+ Kxd8 5. Nc3 Bb4 6. Bd2 Nc6 7. O-O-O Bd7 8. a3 Bxc3 9. Bxc3 Kc8 10. e6 f6 11. Rxd7 Nge7 12. Bb5 Re8 13. Bxc6 bxc6 14. Ne2 Nd5 15. Rxg7 Kb7 16. e7 Rxe7 17. Rxe7 Nxe7 18. Bxf6 Nd5 19. Bd4 Re8 20. Rd1 1-0

[Event "Oebro CXU Nytaar 2024"]
[Site "Copenhagen"]
[Date "2024.12.29"]
[Round "5.12"]
[White "Jalving, August"]
[Black "Kakulidis, Ellen"]
[Result "0-1"]
[WhiteElo "2178"]
[BlackElo "2037"]
[WhiteFideId "1471759"]
[BlackFideId "1444972"]
[EventDate "2024.12.27"]
[EventType "swiss"]
[EventRounds "7"]
[EventCountry "DEN"]
[SourceTitle "Live v. Obro Skakforening"]

1. e4 e5 2. Nf3 Nc6 3. Bb5 a6 4. Ba4 Bc5 5. O-O Nge7 6. c3 Ng6 7. d4 Ba7 8. Bg5 f6 9. Be3 O-O 10. Nbd2 d6 11. Re1 Kh8 12. h3 Bd7 13. Nf1 Qe8 14. Bc2 Nd8 15. Ng3 Ne6 16. Qd2 Nef4 17. Rad1 Qc8 18. Nf5 Be6 19. dxe5 fxe5 20. g3 Nxh3+ 21. Kg2 Bxf5 22. exf5 Rxf5 23. Bxf5 Qxf5 24. Ng1 Bxe3 25. Qxe3 Ng5 26. f3 Rf8 27. Rf1 h5 28. Qd3 Qe6 29. Qd5 Qxd5 30. Rxd5 h4 31. Nh3 hxg3 32. Rd2 Nf4+ 33. Nxf4 exf4 34. Re2 Kh7 35. Re7 Rf7 36. Rfe1 Kg6 37. Re8 Kf6 38. c4 b6 39. b4 g6 40. a4 Rh7 41. R1e2 Rh2+ 42. Kf1 Nxf3 43. Rxh2 Nxh2+ 44. Kg2 Kf5 45. b5 axb5 46. cxb5 Kg4 47. Re4 Nf3 48. Rc4 Nh4+ 49. Kh1 g5 50. a5 Kh3 51. Rc3 bxa5 52. Rd3 f3 53. b6 f2 0-1

[Event "Oebro CXU Nytaar 2024"]
[Site "Copenhagen"]
[Date "2024.12.29"]
[Round "5.13"]
[White "Saravana, Vedant Kumar"]
[Black "Medhus, Vitus Bondo"]
[Result "1/2-1/2"]
[WhiteElo "2021"]
[BlackElo "2275"]
[WhiteFideId "45059730"]
[BlackFideId "1462547"]
[EventDate "2024.12.27"]
[EventType "swiss"]
[EventRounds "7"]
[EventCountry "DEN"]
[SourceTitle "Live v. Obro Skakforening"]

1. e4 e5 2. Nf3 Nc6 3. Bc4 Nf6 4. d3 Bc5 5. O-O d6 6. c3 O-O 7. a4 a6 8. h3 Ba7 9. Nbd2 Ne7 10. b4 Ng6 11. d4 exd4 12. cxd4 d5 13. exd5 Nxd5 14. Ne4 c6 15. Bg5 f6 16. Bd2 Kh8 17. Re1 Be6 18. Nc5 Bxc5 19. dxc5 Ne3 20. Bxe3 Bxc4 21. Qxd8 Raxd8 22. Rec1 Bd5 23. Nd4 Ne5 24. b5 f5 25. bxc6 bxc6 26. Ne2 h6 27. Rab1 Be4 28. Rb7 Rf7 29. Rxf7 Nxf7 30. Nc3 Rb8 31. Nxe4 fxe4 32. Rc4 Ne5 33. Rxe4 Nd3 34. Re6 Rc8 35. Bd4 Rc7 36. Rxh6+ Kg8 37. Rd6 Nb4 38. Bc3 Nd5 39. Ba5 Rc8 40. Rd8+ Rxd8 41. Bxd8 Nc3 42. a5 Kf7 43. g4 Ke6 44. h4 Kd5 45. Bb6 Ke4 46. Kg2 Kf4 47. f3 Nd5 48. Ba7 Ne3+ 49. Kf2 Nd1+ 50. Ke2 Nc3+ 51. Kd3 Nb5 52. Bb8+ Kxf3 53. Be5 Kxg4 54. Bxg7 Kxh4 55. Ke4 Kg5 56. Ke5 Kg6 57. Bf6 Kf7 58. Bh4 Ke8 59. Ke6 Na3 60. Kd6 Nc4+ 61. Kxc6 Nxa5+ 62. Kb6 Nc4+ 63. Kb7 Na5+ 64. Kxa6 Nc6 1/2-1/2

[Event "Oebro CXU Nytaar 2024"]
[Site "Copenhagen"]
[Date "2024.12.29"]
[Round "5.14"]
[White "Hagen, Andreas Skytte"]
[Black "Ertbjerg, Andreas Lund"]
[Result "1-0"]
[WhiteElo "2334"]
[BlackElo "2045"]
[WhiteFideId "1407341"]
[BlackFideId "1412914"]
[EventDate "2024.12.27"]
[EventType "swiss"]
[EventRounds "7"]
[EventCountry "DEN"]
[SourceTitle "Live v. Obro Skakforening"]

1. d4 Nf6 2. c4 g6 3. Nc3 Bg7 4. e4 d6 5. Nf3 O-O 6. Be2 e5 7. O-O a5 8. Re1 Na6 9. Be3 Ng4 10. Bg5 Qe8 11. h3 Nf6 12. Bf1 h6 13. Be3 Bd7 14. Qd2 Kh7 15. Rad1 Bc6 16. Bd3 Rd8 17. Nd5 Bxd5 18. cxd5 exd4 19. Bxd4 Nc5 20. e5 Nxd5 21. exd6 Ne6 22. Bxg6+ fxg6 23. Bxg7 Kxg7 24. Qxd5 Rxd6 25. Qe5+ Rf6 26. Rxd6 cxd6 27. Qxd6 Qd8 28. Qe5 Qc7 29. Qxc7+ Nxc7 30. Re5 b6 31. Re7+ Rf7 32. Rxf7+ Kxf7 33. Ne5+ Kg7 34. Kf1 Nd5 35. Ke2 Kf6 36. Ng4+ Kg5 37. g3 h5 38. Ne3 Nb4 39. a3 Nc6 40. f4+ Kh6 41. Kd3 g5 42. Kc4 h4 43. fxg5+ Kxg5 44. gxh4+ Kxh4 45. Kb5 Ne5 46. Kxb6 Nd3 47. Nc4 1-0

[Event "Oebro CXU Nytaar 2024"]
[Site "Copenhagen"]
[Date "2024.12.29"]
[Round "5.15"]
[White "Mortensen, Henrik"]
[Black "Veiergang, Oscar Jacob"]
[Result "0-1"]
[WhiteElo "1955"]
[BlackElo "2170"]
[WhiteFideId "1401424"]
[BlackFideId "1470183"]
[EventDate "2024.12.27"]
[EventType "swiss"]
[EventRounds "7"]
[EventCountry "DEN"]
[SourceTitle "Live v. Obro Skakforening"]

1. e4 e6 2. d4 d5 3. exd5 exd5 4. Bd3 Nf6 5. Bg5 Be7 6. Ne2 O-O 7. Nbc3 Nbd7 8. O-O Re8 9. Ng3 h6 10. Bf4 Nf8 11. Nf5 Bxf5 12. Bxf5 Bd6 13. Qd2 c6 14. Bxd6 Qxd6 15. f3 Re7 16. Rfe1 Rae8 17. Rxe7 Rxe7 18. a3 g6 19. Bd3 Kg7 20. Ne2 Ne6 21. c3 c5 22. Bc2 Qb6 23. b4 cxd4 24. cxd4 Nxd4 25. Qxd4 Rxe2 26. Qxb6 axb6 27. Bb3 Rd2 28. Re1 Kf8 29. Rc1 Rd3 30. Rc8+ Kg7 31. Bc2 Rxa3 32. Kf1 Ra2 33. Bd3 b5 34. Rc5 b6 35. Rxb5 Ra6 36. Ke2 Kf8 37. Ke3 Ke7 38. Kd4 Kd6 39. Rxd5+ Nxd5 40. Bxa6 Nxb4 41. Bc4 Nc6+ 42. Ke4 Nd8 43. h4 Ne6 44. f4 f6 45. g4 Nc5+ 46. Kd4 Ne6+ 47. Ke4 f5+ 48. Kf3 b5 49. Bxb5 Nd4+ 50. Kg3 Nxb5 51. h5 gxh5 52. gxf5 Nd4 53. Kh4 Nxf5+ 54. Kxh5 Ke7 0-1

[Event "Oebro CXU Nytaar 2024"]
[Site "Copenhagen"]
[Date "2024.12.29"]
[Round "5.16"]
[White "Gregor, Bjarke"]
[Black "Boje, Tobias Rosholm"]
[Result "1/2-1/2"]
[WhiteElo "2094"]
[BlackElo "2027"]
[WhiteFideId "1423401"]
[BlackFideId "1413643"]
[EventDate "2024.12.27"]
[EventType "swiss"]
[EventRounds "7"]
[EventCountry "DEN"]
[SourceTitle "Live v. Obro Skakforening"]

1. e4 c5 2. Nc3 Nc6 3. Nge2 g6 4. d4 cxd4 5. Nxd4 Bg7 6. Be3 Nf6 7. Bc4 O-O 8. Bb3 Re8 9. Qe2 d5 10. O-O-O Nxd4 11. Bxd4 e5 12. Be3 d4 13. Bg5 Be6 14. Nd5 Bxd5 15. Bxd5 Qc7 16. Bxf6 Bxf6 17. h4 a5 18. h5 g5 19. Rh3 h6 20. Rb3 Ra7 21. a4 Kg7 22. Rb5 Rd8 23. Qf3 Rd6 24. Rd3 Rb6 25. Rdb3 Rxb5 26. Rxb5 b6 27. Qb3 Bd8 28. Bc4 Qe7 29. Rd5 Rd7 30. Qb5 Rxd5 31. Qxd5 Qf6 32. f3 Be7 33. Kb1 Bb4 34. Ka2 Bc5 35. Bb3 Bb4 36. Qd7 Bc5 37. Bd5 Bb4 38. Kb3 Qe7 39. Qf5 Qf6 40. Qd7 Qe7 41. Qc6 Qf6 42. Qb7 Bc5 43. Bc4 Qe7 44. Qd5 Qf6 45. Ka2 Bb4 46. Kb1 Bc5 47. Qd7 1/2-1/2

[Event "Oebro CXU Nytaar 2024"]
[Site "Copenhagen"]
[Date "2024.12.29"]
[Round "5.17"]
[White "Rasmussen, Matthias"]
[Black "Skou, Niels"]
[Result "0-1"]
[WhiteElo "1807"]
[BlackElo "2073"]
[WhiteFideId "1447890"]
[BlackFideId "1413155"]
[EventDate "2024.12.27"]
[EventType "swiss"]
[EventRounds "7"]
[EventCountry "DEN"]
[SourceTitle "Live v. Obro Skakforening"]

1. e4 e5 2. Nf3 Nc6 3. Bc4 Bc5 4. b4 Bxb4 5. c3 Be7 6. Qb3 Nh6 7. d4 Na5 8. Qa4 Nxc4 9. Qxc4 d6 10. dxe5 Ng4 11. exd6 Qxd6 12. Ba3 Qe6 13. Qd4 O-O 14. O-O Rd8 15. Qa4 c5 16. h3 Ne5 17. Nbd2 b6 18. Rad1 Bd7 19. Qc2 Bc6 20. Nxe5 Qxe5 21. c4 Bf6 22. Rfe1 Qc3 23. Qc1 Rd3 24. Nb1 Qxc1 25. Rxc1 Rad8 26. e5 Bg5 27. Rc3 Rd1 28. Rf1 Rxf1+ 29. Kxf1 Rd1+ 30. Ke2 Rxb1 31. g3 Ra1 32. Rc2 Ba4 33. Rc3 Bd1+ 34. Kd3 Rxa2 35. f4 Be7 36. Ke4 Rf2 37. Kd5 Bf3+ 0-1

[Event "Oebro CXU Nytaar 2024"]
[Site "Copenhagen"]
[Date "2024.12.29"]
[Round "5.18"]
[White "Ramsdal, Lasse Andreas"]
[Black "Li, Anna Sofie"]
[Result "0-1"]
[WhiteElo "1862"]
[BlackElo "2073"]
[WhiteFideId "1440675"]
[BlackFideId "1472119"]
[EventDate "2024.12.27"]
[EventType "swiss"]
[EventRounds "7"]
[EventCountry "DEN"]
[SourceTitle "Live v. Obro Skakforening"]

1. e4 e5 2. Nf3 Nc6 3. Nc3 Nf6 4. d4 exd4 5. Nxd4 Bb4 6. Nxc6 bxc6 7. Bd3 d6 8. Bg5 h6 9. Bh4 Bd7 10. O-O O-O 11. h3 Re8 12. f4 Bc5+ 13. Kh1 Bd4 14. Qf3 Rb8 15. Nd1 a5 16. c3 Ba7 17. Rc1 Re6 18. Rc2 Qe8 19. f5 Re5 20. Bxf6 gxf6 21. Qh5 Kh7 22. Nf2 Bxf2 23. Rcxf2 d5 24. b3 dxe4 25. Bc4 Re7 26. Rf4 Qf8 27. Rh4 Rbe8 28. Bxf7 Rxf7 29. Qg6+ Kh8 30. Rxh6+ Qxh6 31. Qxh6+ Kg8 32. Rf4 Rg7 33. Kg1 e3 34. Kf1 Bxf5 35. Ke1 Rxg2 36. Rxf5 e2 37. Rg5+ Rxg5 38. Qxf6 Rg1+ 0-1

[Event "Oebro CXU Nytaar 2024"]
[Site "Copenhagen"]
[Date "2024.12.29"]
[Round "5.19"]
[White "Ahl, Eskil Rosenlund"]
[Black "Slavensky, Asbjorn Vesterkaer"]
[Result "0-1"]
[WhiteElo "1773"]
[BlackElo "2051"]
[WhiteFideId "1481789"]
[EventDate "2024.12.27"]
[EventType "swiss"]
[EventRounds "7"]
[EventCountry "DEN"]
[SourceTitle "Live v. Obro Skakforening"]

1. e4 c5 2. Nf3 d6 3. d4 cxd4 4. Nxd4 Nf6 5. Nc3 a6 6. Rg1 b5 7. g4 Bb7 8. f3 e6 9. g5 Nfd7 10. a3 Be7 11. Be3 Nb6 12. b3 d5 13. e5 Nc6 14. Nxc6 Bxc6 15. Ne2 Bb7 16. Nd4 Qc7 17. f4 Qc3+ 18. Kf2 Nd7 19. Qe1 Qxe1+ 20. Kxe1 g6 21. b4 O-O 22. Nb3 Rfc8 23. Bd3 Bd8 24. Kd2 Nb6 25. Na5 Bc6 26. h4 Na4 27. Nxc6 Rxc6 28. Bd4 Bb6 29. Bxb6 Nxb6 30. Rgf1 Rac8 31. Rab1 Nc4+ 32. Bxc4 Rxc4 33. Rbc1 Rc3 34. Rfe1 Rxa3 35. c3 Rc4 36. Rf1 Kf8 37. Rc2 Ke7 38. Rf2 d4 39. Rf3 dxc3+ 40. Rcxc3 Raxc3 41. Rxc3 Rxc3 42. Kxc3 Kd7 43. Kd3 Kc6 44. Ke4 Kb6 45. Kd4 a5 46. Kc3 a4 47. Kc2 Kc6 48. Kc3 Kd5 49. Kd3 a3 0-1

[Event "Oebro CXU Nytaar 2024"]
[Site "Copenhagen"]
[Date "2024.12.29"]
[Round "5.20"]
[White "Petersen, Nils"]
[Black "Rasmussen, Morten"]
[Result "1/2-1/2"]
[WhiteElo "1934"]
[BlackElo "1904"]
[WhiteFideId "1403346"]
[BlackFideId "1410865"]
[EventDate "2024.12.27"]
[EventType "swiss"]
[EventRounds "7"]
[EventCountry "DEN"]
[SourceTitle "Live v. Obro Skakforening"]

1. c4 f5 2. g3 Nf6 3. Bg2 g6 4. Nc3 Bg7 5. Nf3 d6 6. d3 O-O 7. O-O e5 8. e4 Nc6 9. h3 h6 10. Nh4 Kh7 11. exf5 gxf5 12. f4 Nd7 13. Qh5 Ne7 14. Nd5 Nxd5 15. Qg6+ Kh8 16. Bxd5 Rf6 17. Qh5 c6 18. Bf7 Nf8 19. fxe5 dxe5 20. Bg5 Qd4+ 21. Rf2 Rd6 22. Rf1 f4 23. Nf3 Qxd3 24. gxf4 Qf5 25. fxe5 Bxe5 26. Nxe5 Qxg5+ 27. Qxg5 hxg5 28. Kh2 Rh6 29. Rf3 g4 30. Rg3 Rxh3+ 31. Kg2 Kg7 32. Nxg4 Rxg3+ 33. Kxg3 Bxg4 34. Kxg4 Rd8 1/2-1/2

[Event "Oebro CXU Nytaar 2024"]
[Site "Copenhagen"]
[Date "2024.12.30"]
[Round "6.1"]
[White "Reimanis, Ritvars"]
[Black "Heimisson, Hilmir Freyr"]
[Result "1-0"]
[WhiteElo "2339"]
[BlackElo "2403"]
[WhiteFideId "11602988"]
[BlackFideId "2309998"]
[EventDate "2024.12.27"]
[EventType "swiss"]
[EventRounds "7"]
[EventCountry "DEN"]
[SourceTitle "Live v. Obro Skakforening"]

1. d4 d5 2. Nf3 Nf6 3. c4 e6 4. g3 c5 5. cxd5 exd5 6. Bg2 Nc6 7. O-O Be7 8. dxc5 Bxc5 9. Bg5 O-O 10. Nc3 d4 11. Ne4 Be7 12. Nxf6+ Bxf6 13. Bxf6 Qxf6 14. b4 Rd8 15. b5 Ne7 16. e3 Bg4 17. exd4 Nf5 18. h3 Rxd4 19. Qb3 Bxf3 20. Qxf3 Rad8 21. Qxb7 R4d7 22. Qe4 Rd4 23. Qc6 R4d6 24. Qc5 Nd4 25. Rae1 g5 26. Re3 h5 27. a4 a6 28. bxa6 Rxa6 29. a5 Ne6 30. Qb5 Rad6 31. Qe5 Qe7 32. h4 Rd4 33. hxg5 Rg4 34. Qf6 Qxf6 35. gxf6 Ra4 36. Re5 Kh7 37. Be4+ Kh6 38. Kg2 Ng5 39. Bb7 Ra2 40. a6 Kg6 41. Ree1 Rdd2 42. Rd1 Rdb2 43. Rb1 Rd2 44. Rbc1 Ne6 45. Kg1 Nd4 46. Rcd1 Ne2+ 47. Kg2 Rxd1 48. Rxd1 Kxf6 49. Rd6+ Ke7 50. Rd5 Nc3 51. Rxh5 Nd1 52. Kg1 Ra1 53. Re5+ Kd6 54. Re1 Kc7 55. Bf3 Rxa6 56. Rxd1 Rf6 57. Kg2 Kb6 58. Be4 Re6 59. f3 Kc5 60. g4 Re7 61. Kg3 Ra7 62. Kf4 Kc4 63. Ke5 Kc3 64. Kf6 1-0

[Event "Oebro CXU Nytaar 2024"]
[Site "Copenhagen"]
[Date "2024.12.30"]
[Round "6.2"]
[White "Hector, Jonny"]
[Black "Ochsner, Bjorn Moller"]
[Result "1-0"]
[WhiteElo "2443"]
[BlackElo "2503"]
[WhiteFideId "1700090"]
[BlackFideId "1416928"]
[EventDate "2024.12.27"]
[EventType "swiss"]
[EventRounds "7"]
[EventCountry "DEN"]
[SourceTitle "Live v. Obro Skakforening"]

1. e4 c5 2. Nf3 d6 3. d4 cxd4 4. Nxd4 Nf6 5. Nc3 a6 6. Bg5 Nbd7 7. Qe2 b5 8. O-O-O Bb7 9. Bxf6 Nxf6 10. e5 dxe5 11. Qxe5 Nd7 12. Qe3 Qb6 13. Be2 e6 14. Bf3 Bc5 15. Bxb7 Qxb7 16. Ne4 O-O 17. h4 Be7 18. Ng5 Nf6 19. f4 Bc5 20. Qe2 Rad8 21. Nb3 Bb6 22. Kb1 h6 23. Rde1 Qc7 24. g3 Qc4 25. Qf3 Rc8 26. Rh2 Rfd8 27. Ne4 Nxe4 28. Rxe4 Rd1+ 29. Qxd1 Qxe4 30. Rd2 Qe3 31. Rd6 a5 32. Nc1 Bc5 33. Rd3 Qg1 34. Qxg1 Bxg1 35. a3 Kf8 36. Ne2 Bb6 37. Rb3 Rd8 38. Nc3 Bf2 39. Ne4 Be1 40. Rxb5 Rd4 41. Re5 Ke7 42. c3 Rd5 43. Kc2 f5 44. Rxd5 exd5 45. Kd1 dxe4 46. Kxe1 h5 47. b4 axb4 48. axb4 Kd6 49. c4 Kc6 50. Kd2 Kb6 51. c5+ Kc6 52. Kc2 Kb5 53. Kc3 Kc6 54. Kc4 Kb7 55. b5 Kc7 56. c6 Kd6 57. Kd4 g6 58. Kc4 Kc7 59. Kc5 e3 60. b6+ Kc8 61. Kd6 e2 62. b7+ Kb8 63. Kd7 e1=Q 64. c7+ Kxb7 65. c8=Q+ Ka7 66. Qc7+ Ka6 67. Qc6+ Ka5 68. Qxg6 Ka4 69. Qc6+ Kb4 70. Qd6+ Ka4 71. Qd4+ Kb3 72. Qd3+ Ka4 73. Qxf5 Qxg3 74. Qe4+ Kb3 75. f5 Qg7+ 76. Kc6 Qc3+ 77. Kd6 Ka2 78. Ke6 Qc8+ 79. Kf7 Qd7+ 80. Kg6 Ka1 81. f6 Qd6 82. Qf5 Kb2 83. Kh7 1-0

[Event "Oebro CXU Nytaar 2024"]
[Site "Copenhagen"]
[Date "2024.12.30"]
[Round "6.3"]
[White "Nilssen, John Arni"]
[Black "Gjesme, Marius Enevold"]
[Result "1-0"]
[WhiteElo "2330"]
[BlackElo "2118"]
[WhiteFideId "7200137"]
[BlackFideId "1466488"]
[EventDate "2024.12.27"]
[EventType "swiss"]
[EventRounds "7"]
[EventCountry "DEN"]
[SourceTitle "Live v. Obro Skakforening"]

1. c4 e5 2. g3 Nf6 3. Bg2 Bc5 4. Nc3 O-O 5. e3 Re8 6. Nge2 Nc6 7. d3 d6 8. a3 a5 9. O-O Bf5 10. h3 Qc8 11. Kh2 Ne7 12. e4 Bd7 13. Bg5 Kh8 14. d4 exd4 15. Nxd4 Nfg8 16. Rc1 f6 17. Bf4 Ng6 18. Be3 N8e7 19. Re1 Ne5 20. Nd5 N7c6 21. Nb5 Bxe3 22. Rxe3 Ne7 23. Ndxc7 Nxc4 24. Rxc4 Bxb5 25. Rc1 Qd7 26. Nxe8 Rxe8 27. Rec3 Bc6 28. Rd3 Nc8 29. Rd4 Qf7 30. Qd2 a4 31. h4 Qg6 32. Re1 Nb6 33. Qb4 Nd7 34. f4 h6 35. Rxd6 Qh5 36. Qd4 Nf8 37. Rd8 Ng6 38. Rxe8+ Bxe8 39. Qd5 Nxf4 40. Qxh5 Nxh5 41. e5 b5 42. g4 1-0

[Event "Oebro CXU Nytaar 2024"]
[Site "Copenhagen"]
[Date "2024.12.30"]
[Round "6.4"]
[White "Zander, Emil"]
[Black "Ramsdal, Jens Albert"]
[Result "0-1"]
[WhiteElo "2214"]
[BlackElo "2299"]
[WhiteFideId "1467123"]
[BlackFideId "1429221"]
[EventDate "2024.12.27"]
[EventType "swiss"]
[EventRounds "7"]
[EventCountry "DEN"]
[SourceTitle "Live v. Obro Skakforening"]

1. e4 e5 2. Nf3 Nc6 3. Bc4 Nf6 4. d3 h6 5. O-O d6 6. a4 g6 7. Nc3 Bg7 8. Be3 O-O 9. h3 Ne7 10. Qd2 Kh7 11. d4 exd4 12. Bxd4 Nc6 13. Be3 Be6 14. Bxe6 fxe6 15. a5 a6 16. Nd4 Qe8 17. Nxc6 Qxc6 18. Ra4 Nd7 19. Bd4 Be5 20. b3 b5 21. axb6 Nxb6 22. Ra5 Nd7 23. Bxe5 Nxe5 24. Ra4 g5 25. Nd1 Rf4 26. Qe2 a5 27. g3 Rf3 28. Ne3 Raf8 29. Kg2 Qc3 30. Nc4 Nc6 31. Nd2 Qxc2 32. Qxf3 Rxf3 33. Nxf3 Qxb3 34. Raa1 Qb4 35. e5 dxe5 36. Rab1 Qe4 37. Rfe1 Qd5 38. Rbc1 e4 39. Ng1 Kg6 40. Re3 Ne5 41. Ne2 Nc4 42. Rec3 e3+ 43. f3 Qd2 44. R1c2 Ne5 45. Rc5 Nd3 46. Rxd2 exd2 47. Nc3 Nxc5 48. Kf2 Kf5 49. Ke3 Nb3 50. Kd3 h5 51. Nd1 h4 52. Ne3+ Ke5 53. Nc4+ Kf6 54. Kc2 hxg3 0-1